000
00314nam a2200133Ia 4500
008
210210b1974 xxu||||| |||| 00| 0 eng d
082
_a
301 BRAS
100
_a
BRAUDE (Lee).
245
_a
Sense of sociology.
260
_a
NY
_b
Praeger Publishers
_c
1974
300
_a
x,150
690
_a
Sociology
906
_a
040901
999
_c
90916
_d
90916